| 000 | 00876nam0a22002651 4500 | ||
|---|---|---|---|
| 001 | rc\4485934 | ||
| 005 | 20130416171502.1 | ||
| 021 |
_aRU _b[65-87199] |
||
| 035 | _a(NLR Aleph) 008335958 | ||
| 090 |
_a8846768 _c8846768 |
||
| 100 | _a20130416d1965 |||y0rusy50 ca | ||
| 101 | 0 | _arus | |
| 102 | _aRU | ||
| 105 | _ay z |||a| | ||
| 200 | 1 |
_aРанимость _eСтихи |
|
| 210 |
_aНовосибирск _cЗап.-Сиб. кн. изд-во _d1965 |
||
| 215 |
_a107 с. _d17 |
||
| 327 | 0 | _aЦиклы: Так слышу...; Березовые колки; Море: Поэма | |
| 464 | 0 | _12001#$aТак слышу...$aБерезовые колки$aМоре$eПоэма | |
| 700 | 1 |
_aКухно _bА. А. _f1932- _gАлександр Антонович |
|
| 801 | 0 |
_aRU _bNLR _gpsbo |
|
| 801 | 1 |
_aRU _bELAR _2rusmarc |
|
| 852 |
_aNLR _j65-2/2789 |
||
| 942 | _cBOOK | ||
| 980 | _aNB | ||